Statistics for Ten Least Guessed U.S. Presidents

Click here to take the quiz!

General Stats

  • This quiz has been taken 24,430 times
  • The average score is 7 of 10

Answer Stats

%HintPresident% Correct
44%His native language was DutchMartin Van Buren
79%
42%Disparagingly known as "his accidency", he became President
after the death of William Henry Harrison
John Tyler
74%
41%Hero of the Mexican-American war, he died 16 months into his termZachary Taylor
73%
41%President during the Spanish-American War, assassinated in 1901William McKinley
72%
40%Considered one of the worst Presidents for failing to prevent the Civil WarJames Buchanan
70%
35%Became President after the assassination of GarfieldChester A. Arthur
66%
36%The last Whig PresidentMillard Fillmore
65%
36%Signed the Kansas-Nebraska act, which created "Bleeding Kansas"Franklin Pierce
60%
37%Nominated in a "smoke-filled room", he is known for the Teapot Dome scandalWarren Harding
60%
35%
Awarded the Presidency by a Congressional commission after
a disputed election
Rutherford B. Hayes
59%

Score Distribution

Percentile by Number Answered

Percent of People with Each Score

Your Score History

You have not taken this quiz